Лабораторный и аналитический контроль состояния природных и техногенных систем (Запись № 13124026)

Подробности
000 -МАРКЕР
контрольное поле 02933nam0a2200373 4500
001 - ИДЕНТИФИКАТОР ЗАПИСИ
контрольное поле RU\NLR\BIBL_A\016352019
005 - ИДЕНТИФИКАТОР ВЕРСИИ
контрольное поле 20230526104708.0
010 ## - МЕЖДУНАРОДНЫЙ СТАНДАРТНЫЙ НОМЕР КНИГИ (ISBN)
Номер (ISBN) 978-5-9669-2244-3
Тираж 200
021 ## - НОМЕР ГОСУДАРСТВЕННОЙ РЕГИСТРАЦИИ
Код страны Российская Федерация
Номер КН-П-23-018970
Номер Листа государственной регистраци КН-П-23-1891
035 ## - ДРУГИЕ СИСТЕМНЫЕ НОМЕРА
Идентификатор записи (NLR Aleph) 016352019
035 ## - ДРУГИЕ СИСТЕМНЫЕ НОМЕРА
Идентификатор записи (RuMoRGB)011675190
100 ## - ДАННЫЕ ОБЩЕЙ ОБРАБОТКИ
Данные общей обработки 20230421d2022 u y0rusy50 ca
101 0# - ЯЗЫК РЕСУРСА
Язык текста, звукозаписи и т.д. русский
102 ## - СТРАНА ПУБЛИКАЦИИ ИЛИ ПРОИЗВОДСТВА
Страна публикации Российская Федерация
105 ## - ПОЛЕ КОДИРОВАННЫХ ДАННЫХ: ТЕКСТОВЫЕ МАТЕРИАЛЫ, МОНОГРАФИЧЕСКИЕ
Кодированные данные о монографическом текстовом документе a|||j|||000zy
181 #0 - ПОЛЕ КОДИРОВАННЫХ ДАННЫХ: ВИД СОДЕРЖАНИЯ
Код вида содержания (ISBD) i
Код характеристики содержания (ISBD) axxe
182 #0 - ПОЛЕ КОДИРОВАННЫХ ДАННЫХ: ТИП СРЕДСТВА
Код типа средства (ISBD) n - непосредственное
200 1# - ЗАГЛАВИЕ И СВЕДЕНИЯ ОБ ОТВЕТСТВЕННОСТИ
Основное заглавие Лабораторный и аналитический контроль состояния природных и техногенных систем
Сведения, относящиеся к заглавию учебно-методическое пособие для студентов направлений подготовки 05.03.06 Экология и природопользование (бакалавриат), 20.03.01 Техносферная безопасность (бакалавриат), 05.04.06 Экология и природопользование (магистратура)
Первые сведения об ответственности Н. В. Онистратенко, Н. В. Герман, А. А. Тихонова [и др.]
Последующие сведения об ответственности Министерство науки и высшего образования Российской Федерации, Федеральное государственное автономное образовательное учреждение высшего образования "Волгоградский государственный университет", Институт естественных наук, Кафедра экологии и природопользования
203 ## - ВИД СОДЕРЖАНИЯ И ТИП СРЕДСТВА
Вид содержания Текст
Дополнительные сведения об издании визуальный
Тип средства непосредственный
210 ## - ПУБЛИКАЦИЯ, РАСПРОСТРАНЕНИЕ И ДР.
Место издания, распространения и т.д. Волгоград
Имя издателя, распространителя и т. д. Изд-во Волгоградского государственного университета
Дата издания, распространения и т.д. 2022
215 ## - ФИЗИЧЕСКАЯ ХАРАКТЕРИСТИКА
Специфическое обозначение материала и объем 154, [1] с.
Другие сведения о физической характеристике ил., табл.
Размеры 21
606 1# - НАИМЕНОВАНИЕ ТЕМЫ КАК ПРЕДМЕТ
Наименование темы Окружающая среда
Формальный подзаголовок Учебно-методические пособия для высших учебных заведений
Тематический подзаголовок Контроль
-- Аппараты и приборы
Системный номер авторитетной/нормативной записи 2164424
Идентификатор авторитетной/нормативной записи RU\NLR\AUTH\661302398
675 ## - УНИВЕРСАЛЬНАЯ ДЕСЯТИЧНАЯ КЛАССИФИКАЦИЯ (UDC/УДК)
Индекс 502.174(075.8)
Издание 4
686 1# - ИНДЕКСЫ ДРУГИХ КЛАССИФИКАЦИЙ
Индекс Р121.1с5я73
686 1# - ИНДЕКСЫ ДРУГИХ КЛАССИФИКАЦИЙ
Индекс Д820с5я73
701 #1 - ИМЯ ЛИЦА - АЛЬТЕРНАТИВНАЯ ОТВЕТСТВЕННОСТЬ
Начальный элемент ввода Онистратенко
Часть имени, кроме начального элемента ввода Н. В.
Дополнения к именам, кроме дат канд. биол. наук
Расширение инициалов личного имени Николай Владимирович
Системный номер авторитетной/нормативной записи 161450
Идентификатор авторитетной/нормативной записи RU\NLR\AUTH\770161494
701 #1 - ИМЯ ЛИЦА - АЛЬТЕРНАТИВНАЯ ОТВЕТСТВЕННОСТЬ
Начальный элемент ввода Герман
Часть имени, кроме начального элемента ввода Н. В.
Дополнения к именам, кроме дат канд. биол. наук
Расширение инициалов личного имени Надежда Валерьевна
Системный номер авторитетной/нормативной записи 161381
Идентификатор авторитетной/нормативной записи RU\NLR\AUTH\770161425
701 #1 - ИМЯ ЛИЦА - АЛЬТЕРНАТИВНАЯ ОТВЕТСТВЕННОСТЬ
Начальный элемент ввода Тихонова
Часть имени, кроме начального элемента ввода А. А.
Дополнения к именам, кроме дат преподаватель, экология
Расширение инициалов личного имени Анна Афанасьевна
Системный номер авторитетной/нормативной записи 256227
Идентификатор авторитетной/нормативной записи RU\NLR\AUTH\770256283
942 ## - ДОПОЛНИТЕЛЬНЫЕ ЭЛЕМЕНТЫ ЗАПИСИ (АБИС)
Тип экземпляра АБИС Книга
980 ## - КОЛЛЕКЦИЯ
Название коллекции Национальная библиография
Экземпляры
Тип экземпляра Дата поступления Источник поступления Библиотека постоянного хранения Библиотека текущего хранения Место хранения Шифр хранения Штрих-код Статус экземпляра
Книга 21.04.2023 Обязательный экземпляр РНБ (Московский) РНБ (Московский) Русский книжный фонд: издания с 1957 года 2023-3/9285 1-4193605  
Книга 21.04.2023 Обязательный экземпляр РНБ (Московский) РНБ (Московский) Русский книжный фонд: издания с 1957 года 2023-3/9285 1-4193606